000 01460nam0a2200385 4500
001 RU\NLR\bibl\329568
005 20260406085110.0
010 _a5-89308-051-3
_940000
021 _aRU
_b2002-34922
_91706
035 _a(NLR Aleph) 000324544
090 _a118350
_c118350
100 _a20021016d2002 |||y0rusy50 ca
101 0 _arus
102 _aRU
105 _aa |||||||||
200 1 _aК тайнам нашего языка
_e2 кл.
_eучеб. рус. яз. для четырехлет. нач. шк.
_fМ. С. Соловейчик, Н. С. Кузьменко
210 _aСмоленск
_cАссоц. XXI в.
_d2002
215 _a207, [1] с.
_cцв. ил.
_d22
225 1 _aГармония
606 0 _aРусский язык
_jУчебные издания
_91533567
_3RU\NLR\auth\66969347
610 0 _aРусский язык
675 _a373.167.1:811.161.1
_v3
_zrus
675 _a811.161.1(075.2)
_v3
_zrus
686 _a14.25
_2rugasnti
686 _a81.2Рус-922
_2rubbk
686 _aШ141.12-922.1[2]
700 1 _4070
_8rus
_7ca
_aСоловейчик
_bМ. С.
_gМарина Сергеевна
_3RU\NLR\AUTH\7722168
_95227
701 1 _4070
_8rus
_7ca
_aКузьменко
_bН. С.
_gНадежда Сергеевна
_3RU\NLR\auth\7753932
_936864
801 0 _aRU
_bRKP
_c20021016
_gPSBO
801 1 _aRU
_bRKP
_c20021016
801 2 _aRU
_bNLR
_c20041207
_grcr
942 _cBOOK
980 _aNB